000 00786cam a22002531 4500
001 sa 67000314
003 DLC
005 20260227112313.0
008 740123s1966 ii 000 0 eng
010 _asa 67000314
025 _aPL480:I-E-7029
040 _aDLC
_cDLC
_dDLC
043 _aa-ii---
050 0 0 _aKNS1254
_b.C43 1966
082 0 0 _a340
100 1 _aChakraverti, Suranjan.
245 1 0 _aLaw of employees' victimisation;
_brelating to industrial, non-industrial and government employees.
_cBy Suranjan Chakraverti and Shyama Charan.
260 _aAllahabad,
_bLaw Book Co.,
_c1966.
300 _axvi, 371 p.
_c25 cm.
350 _aRs16
650 0 _aLabor laws and legislation
_zIndia.
650 0 _aCivil service
_zIndia.
700 0 _aShyama Charan,
_ejoint author.
999 _c71907
_d71907